[Event "24. Copenhagen Open  (Politiken Cup)"]
[Site "Copenhagen"]
[Date "2002.07.24"]
[Round "9"]
[White "Schmidt, Horst Hubert"]
[Black "Bengtsson, Ola"]
[Result "1-0"]
[WhiteElo "1857"]
[BlackElo "2075"]
[PlyCount "99"]
[EventDate "2002.07.15"]
[EventType "swiss"]
[EventRounds "11"]
[EventCountry "DEN"]
[SourceDate "2004.01.01"]

1. Nf3 Nf6 2. c4 g6 3. d4 Bg7 4. Nc3 O-O 5. Qc2 d6 6. e4 Bg4 7. Be2 Nfd7 8. Be3
e5 9. Rd1 Nc6 10. d5 Ne7 11. O-O h6 12. Qc1 Kh7 13. Ng5+ hxg5 14. Bxg4 f5 15.
Be2 g4 16. g3 Ng8 17. f3 f4 18. gxf4 exf4 19. Bxf4 Bh6 20. Bxh6 Nxh6 21. fxg4
Qh4 22. g5 Ng4 23. Bxg4 Qxg4+ 24. Kh1 Ne5 25. Rxf8 Rxf8 26. Rf1 Nd3 27. Qd1
Qxd1 28. Rxd1 Nf2+ 29. Kg2 Nxd1 30. Nxd1 Rf4 31. Nf2 Kg7 32. Kg3 Rf8 33. h4 a5
34. a3 Ra8 35. b3 Ra6 36. Nd3 Rb6 37. b4 axb4 38. axb4 Ra6 39. Nf4 Ra3+ 40. Kg4
Rc3 41. c5 Rc4 42. Ne6+ Kf7 43. Kf3 Rxb4 44. Nxc7 dxc5 45. d6 Rb1 46. e5 Re1
47. e6+ Rxe6 48. Nxe6 Kxe6 49. h5 Kxd6 50. h6 1-0

[Event "24. Copenhagen Open  (Politiken Cup)"]
[Site "Copenhagen"]
[Date "2002.07.24"]
[Round "9"]
[White "Skjoldan, Benjamin"]
[Black "Andersen, Ib Hother"]
[Result "0-1"]
[WhiteElo "2024"]
[BlackElo "2160"]
[PlyCount "34"]
[EventDate "2002.07.15"]
[EventType "swiss"]
[EventRounds "11"]
[EventCountry "DEN"]
[SourceDate "2004.01.01"]

1. d4 Nf6 2. c4 e6 3. g3 d5 4. Bg2 dxc4 5. Nf3 Nc6 6. Qa4 Bb4+ 7. Bd2 Nd5 8.
Bxb4 Ndxb4 9. a3 b5 10. Qxb5 Nc2+ 11. Kd1 Bd7 12. Qxc4 Nxa1 13. Nbd2 Rb8 14. b4
a5 15. b5 Ne7 16. a4 c6 17. bxc6 Bxc6 0-1

[Event "24. Copenhagen Open  (Politiken Cup)"]
[Site "Copenhagen"]
[Date "2002.07.24"]
[Round "9"]
[White "Skovgaard, Tom"]
[Black "Hesselberg, Leif"]
[Result "1/2-1/2"]
[WhiteElo "2074"]
[BlackElo "1825"]
[PlyCount "77"]
[EventDate "2002.07.15"]
[EventType "swiss"]
[EventRounds "11"]
[EventCountry "DEN"]
[SourceDate "2004.01.01"]

1. e4 c6 2. d4 d5 3. Nd2 dxe4 4. Nxe4 Nf6 5. Nxf6+ gxf6 6. c3 Bf5 7. Nf3 e6 8.
g3 Be7 9. Bg2 Be4 10. Qb3 Qb6 11. Qxb6 axb6 12. c4 Na6 13. Bd2 Nb4 14. Bxb4
Bxb4+ 15. Ke2 Be7 16. Nh4 Bxg2 17. Nxg2 f5 18. Rhd1 Bf6 19. Rd3 O-O 20. Ne1
Rfd8 21. Nf3 Ra4 22. Ne5 c5 23. b3 Ra3 24. Ke3 Rda8 25. f4 Rxa2 26. Rxa2 Rxa2
27. dxc5 Bxe5 28. fxe5 bxc5 29. Rd7 Rxh2 30. Rxb7 Rg2 31. Kf3 Rb2 32. Ke3 Rg2
33. Kf3 Rb2 34. Rb5 Kg7 35. Ke3 f6 36. Kf4 Rf2+ 37. Ke3 Rb2 38. Kf4 Rf2+ 39.
Ke3 1/2-1/2

[Event "24. Copenhagen Open  (Politiken Cup)"]
[Site "Copenhagen"]
[Date "2002.07.24"]
[Round "9"]
[White "Spanton, Timothy"]
[Black "Li, Mike"]
[Result "1-0"]
[WhiteElo "2008"]
[BlackElo "1475"]
[PlyCount "67"]
[EventDate "2002.07.15"]
[EventType "swiss"]
[EventRounds "11"]
[EventCountry "DEN"]
[SourceDate "2004.01.01"]

1. d4 Nf6 2. c4 e6 3. Nc3 Bb4 4. Bd2 O-O 5. g3 d6 6. Nf3 Nbd7 7. Bg2 e5 8. O-O
Re8 9. Qc2 exd4 10. Nxd4 Ne5 11. b3 c6 12. Rad1 Be6 13. e4 Bc5 14. Nxe6 fxe6
15. Na4 Bd4 16. Bc1 c5 17. Nc3 Nc6 18. Ne2 e5 19. Bb2 Nd7 20. Nxd4 Nxd4 21.
Bxd4 cxd4 22. f4 Qc7 23. Qe2 Nf6 24. f5 Qf7 25. Bf3 Rac8 26. g4 g5 27. fxg6
Qxg6 28. Kh1 Qg5 29. Qe1 Kh8 30. h4 Qg6 31. Qe2 Rf8 32. g5 Ng8 33. Bg4 Rc7 34.
Rxf8 1-0

[Event "24. Copenhagen Open  (Politiken Cup)"]
[Site "Copenhagen"]
[Date "2002.07.24"]
[Round "9"]
[White "Tandrup, Michael"]
[Black "Auchenberg, Einar"]
[Result "1-0"]
[WhiteElo "1874"]
[BlackElo "1654"]
[PlyCount "75"]
[EventDate "2002.07.15"]
[EventType "swiss"]
[EventRounds "11"]
[EventCountry "DEN"]
[SourceDate "2004.01.01"]

1. d4 Nf6 2. Nf3 e6 3. g3 c5 4. Bg2 Ne4 5. O-O f5 6. d5 Qb6 7. c4 Be7 8. Nc3
Nxc3 9. bxc3 Bf6 10. Qc2 d6 11. Ng5 e5 12. e4 Qd8 13. Ne6 Bxe6 14. dxe6 f4 15.
gxf4 Nc6 16. f5 g5 17. Rd1 Qe7 18. Qd3 O-O-O 19. f3 h5 20. a4 g4 21. Be3 gxf3
22. Bxf3 Rdg8+ 23. Kf2 Kc7 24. Rg1 Bg5 25. Ke2 Bf4 26. Bf2 h4 27. h3 Bg3 28.
Bg4 Bxf2 29. Kxf2 Qg5 30. Qe3 Rh6 31. Qxg5 Rxg5 32. Ke3 Ne7 33. Be2 Nxf5+ 34.
exf5 Rxf5 35. Rg7+ Kd8 36. Rag1 Rff6 37. Rxb7 Rxe6 38. Rg8+ 1-0

[Event "24. Copenhagen Open  (Politiken Cup)"]
[Site "Copenhagen"]
[Date "2002.07.24"]
[Round "9"]
[White "Thestrup, Sixten"]
[Black "Dogru, Latif"]
[Result "1-0"]
[WhiteElo "1430"]
[BlackElo "1224"]
[PlyCount "147"]
[EventDate "2002.07.15"]
[EventType "swiss"]
[EventRounds "11"]
[EventCountry "DEN"]
[SourceDate "2004.01.01"]

1. e4 c5 2. d4 cxd4 3. c3 d5 4. exd5 Qxd5 5. Nf3 Bg4 6. cxd4 Bxf3 7. Qxf3 Qxf3
8. gxf3 g6 9. Bb5+ Nd7 10. O-O Ngf6 11. Be3 Bg7 12. Nd2 O-O 13. Rac1 Rac8 14.
Ne4 a6 15. Ba4 b5 16. Bb3 Rfd8 17. Rfd1 Nb6 18. Nc5 Ra8 19. Nd3 Nfd7 20. Nb4 e6
21. Nc6 Re8 22. a3 Nf6 23. Rc5 Nbd5 24. Rdc1 Rac8 25. Bg5 Kf8 26. Ne5 Rxc5 27.
Rxc5 Ne7 28. Rc7 Nfd5 29. Bxd5 Bxe5 30. dxe5 Nxd5 31. Ra7 Nb6 32. b3 Ra8 33.
Rxa8+ Nxa8 34. Bd8 Ke8 35. Ba5 Kd7 36. Kf1 Nc7 37. Bxc7 Kxc7 38. Ke2 Kc6 39.
Kd3 Kd5 40. f4 h5 41. h4 a5 42. b4 axb4 43. axb4 Kc6 44. Kd4 Kb6 45. Ke3 Kc6
46. Ke4 Kd7 47. f5 Kc6 48. fxg6 fxg6 49. f3 Kd7 50. Kf4 Kc6 51. Kg5 Kd5 52. Kf6
g5 53. hxg5 h4 54. g6 h3 55. g7 h2 56. g8=Q h1=Q 57. Qxe6+ Kd4 58. Qd6+ Ke3 59.
Qc5+ Kf4 60. Qd4+ Kg3 61. Qg4+ Kf2 62. e6 Qh6+ 63. Ke5 Qe3+ 64. Kd5 Qb3+ 65.
Kc5 Qc2+ 66. Kxb5 Qd3+ 67. Qc4 Qd8 68. Qc5+ Kxf3 69. e7 Qb8+ 70. Ka4 Qa8+ 71.
Kb3 Qg8+ 72. Kb2 Qg2+ 73. Qc2 Qg8 74. Qb3+ 1-0

[Event "24. Copenhagen Open  (Politiken Cup)"]
[Site "Copenhagen"]
[Date "2002.07.24"]
[Round "9"]
[White "Tidman, Sophie E"]
[Black "Hvenekilde, Jorgen"]
[Result "0-1"]
[WhiteElo "2139"]
[BlackElo "2296"]
[PlyCount "76"]
[EventDate "2002.07.15"]
[EventType "swiss"]
[EventRounds "11"]
[EventCountry "DEN"]
[SourceDate "2004.01.01"]

1. e4 e6 2. Nf3 d5 3. e5 c5 4. b4 cxb4 5. a3 Nc6 6. axb4 Bxb4 7. c3 Ba5 8. d4
h6 9. Be2 Nge7 10. h4 a6 11. Qd3 Bd7 12. h5 Na7 13. Qc2 Rc8 14. Bd2 Bb5 15. Bd3
Bxd3 16. Qxd3 Nb5 17. Rh3 Rc6 18. Nh4 Bc7 19. Rg3 Rg8 20. Qh7 Kd7 21. Rxg7 Rh8
22. Qd3 Qf8 23. Rh7 Qg8 24. Rxh8 Qxh8 25. Qe3 Qh7 26. g4 Bd8 27. Ng2 Qc2 28. c4
Rxc4 29. Na3 Qb2 30. Nxc4 Qxa1+ 31. Bc1 dxc4 32. Kf1 Nxd4 33. Ne1 Nb3 34. Bd2
Nxd2+ 35. Qxd2+ Nd5 36. Qxh6 Ba5 37. Qf8 Qxe1+ 38. Kg2 Qe4+ 0-1

[Event "24. Copenhagen Open  (Politiken Cup)"]
[Site "Copenhagen"]
[Date "2002.07.24"]
[Round "9"]
[White "Timmermans, Ivo"]
[Black "Moen, Andreas"]
[Result "0-1"]
[WhiteElo "2177"]
[BlackElo "2278"]
[PlyCount "24"]
[EventDate "2002.07.15"]
[EventType "swiss"]
[EventRounds "11"]
[EventCountry "DEN"]
[SourceDate "2004.01.01"]

1. e4 d5 2. exd5 Nf6 3. c4 e6 4. dxe6 Bxe6 5. Nf3 Nc6 6. d4 Bb4+ 7. Bd2 Qe7 8.
Qe2 O-O-O 9. d5 Bxd2+ 10. Nbxd2 Nb4 11. Nd4 Rhe8 12. N2b3 Bxd5 0-1

[Event "24. Copenhagen Open  (Politiken Cup)"]
[Site "Copenhagen"]
[Date "2002.07.24"]
[Round "9"]
[White "Tollefsen, Vegard"]
[Black "Henrichsen, Jens"]
[Result "1/2-1/2"]
[WhiteElo "1699"]
[BlackElo "2067"]
[PlyCount "41"]
[EventDate "2002.07.15"]
[EventType "swiss"]
[EventRounds "11"]
[EventCountry "DEN"]
[SourceDate "2004.01.01"]

1. e4 c5 2. c3 d5 3. exd5 Qxd5 4. d4 e6 5. Nf3 Nf6 6. Na3 Qd8 7. Nc2 Nc6 8. Bd3
Be7 9. O-O O-O 10. Be3 Nd5 11. Qe2 Nxe3 12. fxe3 cxd4 13. exd4 Bf6 14. Rad1 g6
15. Ne3 Bg7 16. Kh1 Qe7 17. Rde1 Qd8 18. Ng4 b6 19. Be4 Bb7 20. Nfe5 Qc7 21.
Qc4 1/2-1/2

[Event "24. Copenhagen Open  (Politiken Cup)"]
[Site "Copenhagen"]
[Date "2002.07.24"]
[Round "9"]
[White "Vovk, Oksana"]
[Black "Wilsbeck, Jan Borge"]
[Result "1-0"]
[WhiteElo "2077"]
[BlackElo "1825"]
[PlyCount "97"]
[EventDate "2002.07.15"]
[EventType "swiss"]
[EventRounds "11"]
[EventCountry "DEN"]
[SourceDate "2004.01.01"]

1. c4 Nf6 2. Nc3 e5 3. g3 g6 4. Bg2 Bg7 5. e3 O-O 6. Nge2 d6 7. O-O Re8 8. d3
Nbd7 9. Rb1 a5 10. a3 c6 11. b4 axb4 12. axb4 Nf8 13. b5 Bd7 14. Qb3 Ne6 15.
Ba3 Bf8 16. d4 exd4 17. exd4 Ng5 18. Bc1 Nfe4 19. Be3 Bf5 20. Ra1 Rxa1 21. Rxa1
Nh3+ 22. Bxh3 Bxh3 23. Nxe4 Rxe4 24. Nf4 Bf5 25. bxc6 bxc6 26. Qb7 Qe8 27. Ra8
Re7 28. Rxe8 Rxb7 29. Nh5 f6 30. Bh6 Rf7 31. Bxf8 Rxf8 32. Nxf6+ Kg7 33. Rxf8
Kxf8 34. Nxh7+ Ke7 35. Ng5 c5 36. dxc5 dxc5 37. Nf3 Kf6 38. Nd2 Ke5 39. Nb3 Kd6
40. f4 Bd3 41. Nd2 g5 42. fxg5 Ke5 43. Kf2 Kf5 44. h4 Kg4 45. Nf3 Kf5 46. Nd2
Kg4 47. Nb3 Bxc4 48. Nxc5 Bd5 49. Nd7 1-0

[Event "24. Copenhagen Open  (Politiken Cup)"]
[Site "Copenhagen"]
[Date "2002.07.24"]
[Round "9"]
[White "Walseth, Tron"]
[Black "Lauritsen, Martin Lee"]
[Result "1/2-1/2"]
[WhiteElo "1832"]
[BlackElo "1517"]
[PlyCount "107"]
[EventDate "2002.07.15"]
[EventType "swiss"]
[EventRounds "11"]
[EventCountry "DEN"]
[SourceDate "2004.01.01"]

1. d4 Nf6 2. c4 e6 3. g3 c6 4. Bg2 d5 5. Qc2 Nbd7 6. Nf3 Bb4+ 7. Bd2 Bxd2+ 8.
Nbxd2 O-O 9. O-O b6 10. e4 dxe4 11. Nxe4 Nxe4 12. Qxe4 Bb7 13. Rfd1 Nf6 14. Qc2
Qe7 15. c5 Nd5 16. h4 h6 17. Nd2 Rfd8 18. Ne4 Nf6 19. Nd6 b5 20. f4 Ne8 21.
Nxe8 Rxe8 22. a4 a6 23. a5 Rad8 24. Qc3 Qf6 25. Qe3 Rd7 26. Rd2 Red8 27. Rad1
g6 28. Bh3 Rd5 29. b4 g5 30. hxg5 hxg5 31. Qf2 Kf8 32. Bg2 R5d7 33. Qe3 gxf4
34. gxf4 Ke7 35. Qe5 Qxe5 36. fxe5 Rg8 37. Kf2 Rdd8 38. Bf3 Rg5 39. Ke3 Rg3 40.
Rg2 Rdg8 41. Rxg3 Rxg3 42. Rh1 Rg8 43. Rh7 Rf8 44. Rg7 Rh8 45. Rg5 Kf8 46. Kf4
Rh2 47. Rh5 Rxh5 48. Bxh5 Bc8 49. Kg5 Kg7 50. Bg4 Bd7 51. Bh3 Be8 52. Bg2 Bd7
53. Be4 Be8 54. Bd3 1/2-1/2

[Event "24. Copenhagen Open  (Politiken Cup)"]
[Site "Copenhagen"]
[Date "2002.07.24"]
[Round "9"]
[White "Ward, Christopher"]
[Black "Felgaer, Ruben"]
[Result "1/2-1/2"]
[WhiteElo "2498"]
[BlackElo "2509"]
[PlyCount "84"]
[EventDate "2002.07.15"]
[EventType "swiss"]
[EventRounds "11"]
[EventCountry "DEN"]
[SourceDate "2004.01.01"]

1. d4 d5 2. c4 c6 3. Nf3 Nf6 4. cxd5 cxd5 5. Nc3 Nc6 6. Bf4 Bf5 7. e3 e6 8. Bb5
Nd7 9. Rc1 Be7 10. O-O O-O 11. Bxc6 bxc6 12. Na4 Rc8 13. Ne5 Nxe5 14. Bxe5 Qa5
15. a3 f6 16. Bg3 Qb5 17. Rc3 c5 18. dxc5 Bxc5 19. Qb3 Qxb3 20. Rxb3 e5 21. Rb5
Bxa3 22. bxa3 Bd3 23. Rxd5 Bxf1 24. Kxf1 Rc2 25. Nc5 Rb8 26. Nd3 Ra2 27. f3 Rb3
28. Be1 Rbxa3 29. Rd7 h5 30. Nb4 Rb2 31. Bd2 Ra1+ 32. Ke2 a5 33. Nd3 Rc2 34.
Ne1 Rc6 35. Kd3 Ra2 36. Ke4 a4 37. Kf5 Kh7 38. Bb4 Rc8 39. Ra7 Kh6 40. h4 Rb8
41. Bd6 Rc8 42. g4 hxg4 1/2-1/2

[Event "24. Copenhagen Open  (Politiken Cup)"]
[Site "Copenhagen"]
[Date "2002.07.24"]
[Round "9"]
[White "Zucchelli, Massimo"]
[Black "Hansen, Poul Elgaard"]
[Result "1-0"]
[WhiteElo "2183"]
[BlackElo "2003"]
[PlyCount "71"]
[EventDate "2002.07.15"]
[EventType "swiss"]
[EventRounds "11"]
[EventCountry "DEN"]
[SourceDate "2004.01.01"]

1. d4 Nf6 2. Nf3 e6 3. Bg5 d5 4. Nbd2 Be7 5. e3 Nbd7 6. c3 O-O 7. Bd3 h6 8. Bh4
c5 9. O-O b6 10. a4 Bb7 11. a5 Ne4 12. Bxe7 Qxe7 13. Qa4 Rfc8 14. Bb5 Nxd2 15.
Nxd2 Rc7 16. a6 Bc8 17. e4 Nf6 18. e5 Nh7 19. f4 Bd7 20. Bxd7 Qxd7 21. Qxd7
Rxd7 22. dxc5 bxc5 23. Ra5 Rb8 24. Rxc5 Rxb2 25. Rc8+ Nf8 26. Nf3 Rb6 27. Ra1
f5 28. Kf2 Kf7 29. Ke3 Ng6 30. Nd4 Ne7 31. Rc5 Ke8 32. Raa5 Kd8 33. Rab5 Rc7
34. Rxb6 Rxc5 35. Nxe6+ Kc8 36. Nxc5 1-0

[Event "24. Copenhagen Open  (Politiken Cup)"]
[Site "Copenhagen"]
[Date "2002.07.25"]
[Round "10"]
[White "Akesson, Joel"]
[Black "Adamski, Jan"]
[Result "0-1"]
[WhiteElo "2234"]
[BlackElo "2304"]
[PlyCount "34"]
[EventDate "2002.07.15"]
[EventType "swiss"]
[EventRounds "11"]
[EventCountry "DEN"]
[SourceDate "2004.01.01"]

1. d4 d6 2. g3 Nf6 3. Bg2 Nbd7 4. e4 e5 5. Nc3 exd4 6. Qxd4 g6 7. Bf4 Bg7 8.
Qd2 Ne5 9. O-O-O Be6 10. Bf1 h6 11. f3 Nfd7 12. Nd5 c6 13. Nc3 Qa5 14. Qxd6
O-O-O 15. Bh3 Nc4 16. Qd3 Qb4 17. Na4 Bxb2+ 0-1

[Event "24. Copenhagen Open  (Politiken Cup)"]
[Site "Copenhagen"]
[Date "2002.07.25"]
[Round "10"]
[White "Andersen, Ib Hother"]
[Black "Nielsen, Thomas"]
[Result "0-1"]
[WhiteElo "2160"]
[BlackElo "2018"]
[PlyCount "76"]
[EventDate "2002.07.15"]
[EventType "swiss"]
[EventRounds "11"]
[EventCountry "DEN"]
[SourceDate "2004.01.01"]

1. e4 c6 2. d4 d5 3. Nc3 dxe4 4. Nxe4 Bf5 5. Ng3 Bg6 6. h4 h6 7. Nh3 e6 8. Nf4
Bh7 9. Be3 Bb4+ 10. c3 Bd6 11. Ngh5 g6 12. Ng3 Nf6 13. Bd3 Qc7 14. Qf3 Nbd7 15.
O-O-O Qa5 16. Kb1 h5 17. Nh3 Nd5 18. Bd2 Qb6 19. c4 Ba3 20. Bc1 Nc3+ 21. Kc2
Nxd1 22. bxa3 Nxf2 23. Qxf2 f6 24. Be3 O-O-O 25. Rb1 Qc7 26. Nf4 Rhe8 27. Bxg6
Bxg6+ 28. Nxg6 Nb6 29. c5 Nd5 30. Nf4 Qh7+ 31. Kc1 e5 32. Nxd5 Rxd5 33. Nf5
exd4 34. Nxd4 Rxc5+ 35. Kb2 Qd3 36. Nc2 Qc3+ 37. Kc1 Rxe3 38. Qxf6 Qxc2# 0-1

[Event "24. Copenhagen Open  (Politiken Cup)"]
[Site "Copenhagen"]
[Date "2002.07.25"]
[Round "10"]
[White "Arngrimsson, Dagur"]
[Black "Jakobsen, Ole"]
[Result "0-1"]
[WhiteElo "2149"]
[BlackElo "2398"]
[PlyCount "36"]
[EventDate "2002.07.15"]
[EventType "swiss"]
[EventRounds "11"]
[EventCountry "DEN"]
[SourceDate "2004.01.01"]

1. e4 c5 2. Nf3 a6 3. c3 e6 4. d4 d5 5. exd5 exd5 6. Bd3 Bd6 7. O-O Ne7 8. Re1
O-O 9. dxc5 Bxc5 10. Bxh7+ Kxh7 11. Ng5+ Kg8 12. b4 Ba7 13. Qe2 Nbc6 14. Ba3 f6
15. Ne6 Bxe6 16. Qxe6+ Rf7 17. b5 axb5 18. Bd6 Qc8 0-1

[Event "24. Copenhagen Open  (Politiken Cup)"]
[Site "Copenhagen"]
[Date "2002.07.25"]
[Round "10"]
[White "Auchenberg, Einar"]
[Black "Moller, Frederik Oest"]
[Result "0-1"]
[WhiteElo "1654"]
[BlackElo "1479"]
[PlyCount "48"]
[EventDate "2002.07.15"]
[EventType "swiss"]
[EventRounds "11"]
[EventCountry "DEN"]
[SourceDate "2004.01.01"]

1. e4 c5 2. Nc3 d6 3. f4 Nc6 4. Nf3 Bg4 5. Bb5 Nf6 6. d4 cxd4 7. Qxd4 Bxf3 8.
gxf3 Qc7 9. Be3 Nd7 10. Qa4 g6 11. Nd5 Qc8 12. Bxc6 bxc6 13. Bd4 e5 14. fxe5
dxe5 15. O-O-O cxd5 16. Bxe5 Bh6+ 17. Kb1 O-O 18. Bd6 Rd8 19. exd5 Nb6 20. Qc6
Nc4 21. Bc7 Rd7 22. d6 Nxd6 23. Qxa8 Qxa8 24. Bxd6 Qd8 0-1

[Event "24. Copenhagen Open  (Politiken Cup)"]
[Site "Copenhagen"]
[Date "2002.07.25"]
[Round "10"]
[White "Baldursson, Rani"]
[Black "Nielsen, Jens Holm"]
[Result "0-1"]
[WhiteElo "1426"]
[BlackElo "2098"]
[PlyCount "100"]
[EventDate "2002.07.15"]
[EventType "swiss"]
[EventRounds "11"]
[EventCountry "DEN"]
[SourceDate "2004.01.01"]

1. e4 e5 2. Nf3 Nc6 3. Bc4 Be7 4. O-O Nf6 5. Nc3 O-O 6. d3 d6 7. h3 Na5 8. Bb3
Nxb3 9. axb3 Re8 10. Be3 a6 11. Qd2 Bf8 12. Bg5 c6 13. Rfe1 h6 14. Bh4 Be7 15.
Bg3 Nh5 16. Bh2 Bg5 17. Nxg5 Qxg5 18. Qxg5 hxg5 19. Na4 Be6 20. Nb6 Rad8 21.
Nc4 Nf4 22. Nd2 f6 23. Nf1 Kf7 24. Ng3 Rh8 25. Ne2 Rh7 26. Nxf4 gxf4 27. f3 g5
28. Kh1 Rdh8 29. Bg1 g4 30. fxg4 Bxg4 31. Bf2 f3 32. h4 fxg2+ 33. Kxg2 d5 34.
Ra4 Be6 35. Kh2 Rg7 36. Rg1 Rhg8 37. Raa1 Rxg1 38. Rxg1 Rxg1 39. Kxg1 dxe4 40.
dxe4 Bg4 41. Kg2 Bd1 42. c3 Bxb3 43. Kf3 Kg6 44. Kg4 Bd1+ 45. Kg3 f5 46. exf5+
Kxf5 47. Be1 Ke4 48. Kf2 Kd3 49. b4 b6 50. Kf1 a5 0-1

[Event "24. Copenhagen Open  (Politiken Cup)"]
[Site "Copenhagen"]
[Date "2002.07.25"]
[Round "10"]
[White "Bengtsson, Ola"]
[Black "Tandrup, Michael"]
[Result "1-0"]
[WhiteElo "2075"]
[BlackElo "1874"]
[PlyCount "73"]
[EventDate "2002.07.15"]
[EventType "swiss"]
[EventRounds "11"]
[EventCountry "DEN"]
[SourceDate "2004.01.01"]

1. d4 d5 2. Nf3 Nf6 3. Bg5 e6 4. Nbd2 Be7 5. e3 Nbd7 6. c3 b6 7. Bd3 Bb7 8. O-O
c5 9. Rc1 O-O 10. Ne5 Nxe5 11. dxe5 Nd7 12. Bxe7 Qxe7 13. f4 f6 14. exf6 Qxf6
15. e4 e5 16. exd5 exf4 17. Ne4 Qe5 18. c4 Qd4+ 19. Kh1 Qxb2 20. Ng5 h6 21. Ne6
Rf6 22. Nxg7 Ne5 23. Nh5 Rf7 24. Be2 Raf8 25. Rc2 Qa3 26. Bg4 f3 27. Be6 Bc8
28. Bxf7+ Rxf7 29. gxf3 Bh3 30. Rg1+ Kf8 31. Rg3 Bf5 32. Rcg2 Nxc4 33. Qe1 Bh7
34. Re2 Nd6 35. Re6 c4 36. Qe5 Rd7 37. Qh8+ {Time} 1-0

[Event "24. Copenhagen Open  (Politiken Cup)"]
[Site "Copenhagen"]
[Date "2002.07.25"]
[Round "10"]
[White "Binau, Daniel"]
[Black "Andersen, Esben"]
[Result "1-0"]
[WhiteElo "1439"]
[BlackElo "1690"]
[PlyCount "71"]
[EventDate "2002.07.15"]
[EventType "swiss"]
[EventRounds "11"]
[EventCountry "DEN"]
[SourceDate "2004.01.01"]

1. f4 d5 2. b3 Nf6 3. Bb2 Bf5 4. e3 e6 5. Nf3 Nbd7 6. h3 Ne4 7. g4 Bg6 8. Rg1
Rg8 9. d3 Nd6 10. Nbd2 Be7 11. g5 c5 12. Ne5 Nxe5 13. Bxe5 f6 14. gxf6 gxf6 15.
Bb2 Qb6 16. Qf3 O-O-O 17. Bg2 Nf5 18. Qf2 c4 19. d4 Nd6 20. Qe2 Kb8 21. e4 cxb3
22. axb3 Nxe4 23. Bxe4 Bxe4 24. Rxg8 Rxg8 25. Nxe4 dxe4 26. Qxe4 Rg1+ 27. Kd2
Rxa1 28. Bxa1 h5 29. f5 Qd6 30. Qxe6 Qxe6 31. fxe6 Kc7 32. d5 Kd6 33. c4 b5 34.
Kd3 bxc4+ 35. bxc4 Kc5 36. Bd4+ 1-0

[Event "24. Copenhagen Open  (Politiken Cup)"]
[Site "Copenhagen"]
[Date "2002.07.25"]
[Round "10"]
[White "Brasoy, Aksel"]
[Black "Rodriguez Vinuesa, Azahara"]
[Result "1-0"]
[WhiteElo "1665"]
[BlackElo "2095"]
[PlyCount "75"]
[EventDate "2002.07.15"]
[EventType "swiss"]
[EventRounds "11"]
[EventCountry "DEN"]
[SourceDate "2004.01.01"]

1. d4 Nf6 2. c4 c5 3. d5 b5 4. Nf3 g6 5. a4 b4 6. b3 Bg7 7. Bb2 O-O 8. Nbd2 e6
9. e4 exd5 10. exd5 Nxd5 11. Bxg7 Re8+ 12. Be2 Nf4 13. Be5 Nxe2 14. Qxe2 f6 15.
O-O fxe5 16. Ne4 Qe7 17. Rad1 d5 18. Rxd5 Nc6 19. Nxc5 Bg4 20. Qe4 Bf5 21. Qe3
Rad8 22. Re1 Qf6 23. Rxd8 Qxd8 24. Ne4 Kg7 25. Ng3 Bg4 26. Qe4 Qd7 27. h3 Bxf3
28. Qxf3 Nd4 29. Qd1 Qf7 30. Ne4 Rf8 31. Re3 Qf4 32. Qg4 Qf7 33. h4 Kh8 34. Qg5
Qf4 35. Qxf4 exf4 36. Rd3 Rd8 37. Nc5 Kg7 38. Rxd4 1-0

[Event "24. Copenhagen Open  (Politiken Cup)"]
[Site "Copenhagen"]
[Date "2002.07.25"]
[Round "10"]
[White "Carstensen, Jacob"]
[Black "Schmidt, Horst Hubert"]
[Result "1-0"]
[WhiteElo "2246"]
[BlackElo "1857"]
[PlyCount "89"]
[EventDate "2002.07.15"]
[EventType "swiss"]
[EventRounds "11"]
[EventCountry "DEN"]
[SourceDate "2004.01.01"]

1. Nf3 Nf6 2. d4 d5 3. c4 e6 4. Nc3 Be7 5. cxd5 exd5 6. Bg5 O-O 7. Qc2 h6 8.
Bf4 c6 9. e3 Bg4 10. Ne5 Nbd7 11. Nxg4 Nxg4 12. Bd3 Bg5 13. Bxg5 Qxg5 14. O-O-O
c5 15. h4 Qd8 16. Bf5 cxd4 17. exd4 Ndf6 18. Qd2 Re8 19. h5 b5 20. Qf4 b4 21.
Na4 Re2 22. Bxg4 Nxg4 23. Qxg4 Rc8+ 24. Nc5 Qe8 25. Rd2 Re4 26. Qf5 Rc7 27.
Qxd5 Ree7 28. Rhd1 a5 29. Qc4 Qb8 30. Kb1 Qc8 31. Qd3 Re8 32. Ne4 Qb8 33. d5 b3
34. axb3 Rb7 35. Nc5 Rb5 36. Rc2 Qb6 37. Na4 Qb8 38. Rc3 Re5 39. d6 Rbd5 40.
Qxd5 Rxd5 41. Rxd5 Qb7 42. Rcd3 Qd7 43. Nc5 Qd8 44. d7 a4 45. Nb7 1-0

[Event "24. Copenhagen Open  (Politiken Cup)"]
[Site "Copenhagen"]
[Date "2002.07.25"]
[Round "10"]
[White "Casagrande, Fabio"]
[Black "Jensen, Allan Astrup"]
[Result "0-1"]
[WhiteElo "2035"]
[BlackElo "2205"]
[PlyCount "100"]
[EventDate "2002.07.15"]
[EventType "swiss"]
[EventRounds "11"]
[EventCountry "DEN"]
[SourceDate "2004.01.01"]

1. e4 e5 2. Nf3 Nc6 3. d4 exd4 4. Nxd4 Bc5 5. Nxc6 Qf6 6. Qd2 bxc6 7. Bd3 Ne7
8. Qf4 Bd4 9. Qxf6 Bxf6 10. Nd2 d5 11. Nf3 Ng6 12. h3 O-O 13. O-O Rb8 14. c3
Re8 15. Re1 Bd7 16. Rb1 a5 17. Bg5 Bxg5 18. Nxg5 Ne5 19. Bf1 h6 20. Nf3 dxe4
21. Nxe5 Rxe5 22. Rbd1 Be6 23. f4 Rd5 24. b3 Rbd8 25. Rxd5 cxd5 26. b4 axb4 27.
cxb4 Ra8 28. Re2 f5 29. Rc2 Ra7 30. b5 d4 31. Bc4 Bxc4 32. Rxc4 d3 33. a4 Kf7
34. Kf2 Ke6 35. Ke3 Kd5 36. Rd4+ Kc5 37. g4 g6 38. Rd7 Rxa4 39. Rxc7+ Kxb5 40.
gxf5 gxf5 41. Rf7 Kc4 42. Rc7+ Kd5 43. Rd7+ Kc4 44. Rc7+ Kb3 45. Rb7+ Rb4 46.
Rc7 Rc4 47. Rb7+ Kc2 48. Ra7 Rc6 49. Ra5 Rd6 50. Rc5+ Kb3 0-1

[Event "24. Copenhagen Open  (Politiken Cup)"]
[Site "Copenhagen"]
[Date "2002.07.25"]
[Round "10"]
[White "Cech, Pavel"]
[Black "Romsdal, Trond"]
[Result "1-0"]
[WhiteElo "2316"]
[BlackElo "2205"]
[PlyCount "69"]
[EventDate "2002.07.15"]
[EventType "swiss"]
[EventRounds "11"]
[EventCountry "DEN"]
[SourceDate "2004.01.01"]

1. d4 e6 2. c4 Nf6 3. Nc3 Bb4 4. Qc2 b6 5. e4 Bxc3+ 6. bxc3 d6 7. Bd3 e5 8. Ne2
c5 9. O-O Nc6 10. f4 h6 11. fxe5 dxe5 12. d5 Na5 13. Ng3 Kf8 14. Rf2 Ne8 15.
Be3 Nd6 16. Raf1 Qe7 17. Qe2 Qh4 18. Bf4 Bg4 19. Bxe5 Bxe2 20. Bxd6+ Kg8 21.
Rxe2 Nb7 22. Nf5 Qg5 23. Be7 f6 24. e5 Re8 25. d6 Qh5 26. e6 g6 27. Ng3 Qg4 28.
Re4 Qg5 29. Bxf6 Qd2 30. d7 Nd6 31. dxe8=Q+ Nxe8 32. Bxh8 Kxh8 33. Rf8+ Kg7 34.
Rxe8 Qxd3 35. Re7+ 1-0

[Event "24. Copenhagen Open  (Politiken Cup)"]
[Site "Copenhagen"]
[Date "2002.07.25"]
[Round "10"]
[White "Christensen, Esben"]
[Black "Auchenberg, Per"]
[Result "0-1"]
[WhiteElo "2099"]
[BlackElo "2022"]
[PlyCount "50"]
[EventDate "2002.07.15"]
[EventType "swiss"]
[EventRounds "11"]
[EventCountry "DEN"]
[SourceDate "2004.01.01"]

1. Nf3 f5 2. g3 Nf6 3. c4 b6 4. Bg2 Bb7 5. O-O e6 6. Nc3 Bb4 7. Qb3 a5 8. d3
Na6 9. Bd2 O-O 10. Rad1 Nc5 11. Qc2 h6 12. Nb1 Bxd2 13. Nbxd2 Qe8 14. b3 d6 15.
a3 e5 16. b4 Ne6 17. e3 Qh5 18. d4 e4 19. Ne1 axb4 20. axb4 Ng5 21. d5 Nh3+ 22.
Kh1 Ng4 23. Ndf3 exf3 24. Nxf3 Ra3 25. Nh4 Ngxf2+ 0-1